01393 a2200205 4500001000200000005001700002008004100019003001500060040004000075080008300115245008900198020001800287264003400305300001800339505069100357041000801048100001901056700002501075856008701100320260407155401.0260407a1994 arg spa dAR-UNSa-BCEJYS aAR-UNSa-BCEJYSbspacAR-UNSa-BCEJYS a658.15xAdministración financiera privada. Gestión financiera de empresas 10aFinanzas para empresas competitivaspconceptos esenciales para decisiones eficientes a950-641-212-x 1aBuenos Aires :bGranicac1994 a403 p.c22 cm a1. La información económico-financiera básica - 2. El análisis del break-even o punto muerto - 3. Análisis financiero mediante el uso de ratios - 4. El ciclo de caja. La cuenta de resultados y los resultados financieros - 5. El pronostico financiero de corto plazo en la empresa - 6. Una visión conceptual sobre el interés - 7. La valuación de recursos en distintos momentos del tiempo - 8. Los métodos de evaluación de proyectos: Los Unos - 9. Los métodos de evaluación de proyectos: Los Otros - 10. De cómo descontar qué cash-flows - 11. La estructura de capital - 12. El"Capital Asset Pricing Model"(CAPM - 13. La inversión en los mercados financieros.  aspa1 aMondino, Diana1 aPendás, Eugenio A.41uhttps://170.210.207.44/pmb/images/libros/L69557.jpgyImagen de portadaqimage/jpeg